000 00705nam a22002057a 4500
999 _c4119
_d4119
003 AR-CdUCM
008 190308b ||||| |||| 00| 0 spa d
040 _aMUNICIPALIDAD PROVINCIAL DEL CUSCO
_cBIBLIOTECA MUNICIPAL DEL CUSCO
082 _a803.860 /
_bF39
100 _aFerreras, Juan Ignacio
_91829
245 _aLa novela por entregas :
_b1840-1900 /
260 _aBarcelona :
_bMadrid,
_c1972.
300 _a314 páginas ;
_c21 cm.
505 _aIntento de definición de novelas por entregas -- Los lectores -- Los editores -- Los Autores -- Los especialistas...
650 _aNovela
_95
650 _aLiteratura
_983
650 _aAnálisis literario
_9714
942 _2ddc
_cLIBROS
945 _admma